[Event "39th Dortmund Chess Meeting"]
[Site "Dortmund GER"]
[Date "2011.07.31"]
[Round "10"]
[White "Meier, Georg"]
[Black "Ponomariov, Ruslan"]
[Result "1/2-1/2"]
[WhiteElo "2656"]
[BlackElo "2764"]
[PlyCount "87"]
[EventDate "2011.07.21"]

1. Nf3 Nf6 2. c4 e6 3. g3 d5 4. Bg2 dxc4 5. Qa4+ c6 6. Qxc4 b5 7. Qb3 Bb7 8.
O-O Nbd7 9. d4 a6 10. Ne5 Qb6 11. Nxd7 Nxd7 12. Be3 c5 13. d5 exd5 14. Bxd5
Bxd5 15. Qxd5 Rd8 16. a4 Be7 17. axb5 axb5 18. Nc3 O-O 19. b4 Qf6 20. Nxb5 cxb4
21. Ra7 Nc5 22. Qf3 Qxf3 23. exf3 Rfe8 24. Nd4 Rd7 25. Rxd7 Nxd7 26. Nc6 Bf8
27. Rb1 Ne5 28. Nxe5 Rxe5 29. Kf1 f6 30. Ke2 Rd5 31. Ra1 Kf7 32. Ra6 h5 33. h3
Rd7 34. Rb6 Rc7 35. g4 Rc2+ 36. Kd3 Rc3+ 37. Ke4 Kg6 38. f4 hxg4 39. hxg4 Rc4+
40. Kd5 Rc7 41. Ke4 Rc4+ 42. Kd5 Rc7 43. Ke4 Rc4+ 44. Kd5 1/2-1/2

[Event "15th Hogeschool Zeeland"]
[Site "Vlissingen"]
[Date "2011.07.31"]
[Round "2"]
[White "Von Meijenfeldt, Bart"]
[Black "Naiditsch, Arkadij"]
[Result "0-1"]
[WhiteElo "2154"]
[BlackElo "2706"]
[PlyCount "58"]
[EventDate "2011.??.??"]

1. e4 e5 2. Nf3 Nc6 3. d4 exd4 4. Nxd4 Nf6 5. Nxc6 bxc6 6. e5 Qe7 7. Qe2 Nd5 8.
c4 Nb6 9. g3 Ba6 10. b3 O-O-O 11. Bb2 Re8 12. Bg2 f6 13. O-O fxe5 14. Re1 Qf7
15. Nd2 Kb8 16. Nf3 Bb4 17. Nxe5 Bxe1 18. Rxe1 Qf5 19. a4 Ka8 20. Be4 Qe6 21.
Qd3 d5 22. Bf3 dxc4 23. bxc4 Bxc4 24. Nxc4 Qxe1+ 25. Kg2 Rhf8 26. Nxb6+ axb6
27. Bxg7 Rxf3 28. Qxf3 Kb7 29. Qd3 Qe4+ 0-1

[Event "15th Hogeschool Zeeland"]
[Site "Vlissingen"]
[Date "2011.07.31"]
[Round "3"]
[White "Naiditsch, Arkadij"]
[Black "Ortmann, David"]
[Result "1-0"]
[WhiteElo "2706"]
[BlackElo "2322"]
[PlyCount "72"]
[EventDate "2011.??.??"]

1. e4 e6 2. d4 d5 3. Nc3 Nc6 4. Nf3 Nf6 5. e5 Ne4 6. Bd2 Be7 7. a3 f6 8. Bd3
Nxd2 9. Qxd2 fxe5 10. dxe5 O-O 11. h4 d4 12. Ne4 Qd5 13. c4 dxc3 14. Qxc3 Rf4
15. Ned2 Nd4 16. Rd1 c5 17. Rh3 b5 18. Rg3 Bd7 19. h5 Kh8 20. Bb1 Raf8 21. Nf1
Bc6 22. Ne3 Qd7 23. Kf1 Rd8 24. b4 Qe8 25. bxc5 Bxf3 26. gxf3 Qxh5 27. Kg2 Rh4
28. Ng4 Nf5 29. Rxd8+ Bxd8 30. Bxf5 exf5 31. Qd3 Be7 32. Qd7 Qf7 33. c6 fxg4
34. c7 gxf3+ 35. Kg1 Rh1+ 36. Kxh1 Qh5+ 1-0

[Event "15th Hogeschool Zeeland"]
[Site "Vlissingen"]
[Date "2011.08.01"]
[Round "4"]
[White "Poetsch, Hagen"]
[Black "Naiditsch, Arkadij"]
[Result "1/2-1/2"]
[WhiteElo "2403"]
[BlackElo "2706"]
[PlyCount "230"]
[EventDate "2011.??.??"]

1. e4 c5 2. Nf3 Nc6 3. d4 cxd4 4. Nxd4 g6 5. Nc3 Bg7 6. Be3 Nf6 7. Bc4 Qa5 8.
O-O O-O 9. Bb3 d6 10. h3 Bd7 11. f4 Rac8 12. Qf3 Qh5 13. Nxc6 bxc6 14. Rad1 Ng4
15. Bxa7 Qa5 16. hxg4 Qxa7+ 17. Kh1 Rb8 18. Rfe1 Qc7 19. e5 dxe5 20. fxe5 Bc8
21. Qe4 Kh8 22. Rd3 c5 23. Nd5 Qa5 24. c3 Bb7 25. g5 Rfd8 26. Qh4 c4 27. Rh3 h5
28. gxh6 Bf8 29. Nxe7 Qb6 30. e6 Bxg2+ 31. Kxg2 Rd2+ 32. Kh1 Qb7+ 33. Qe4 Qxe4+
34. Rxe4 cxb3 35. axb3 Ra8 36. Rhe3 Bxe7 37. exf7 Bf8 38. Re1 Ra7 39. Rf1 Rd8
40. Re6 Kh7 41. Rg1 Rxf7 42. Rexg6 Rf5 43. R6g5 Rf6 44. Rh5 Rd2 45. Rh2 Rd3 46.
b4 Bd6 47. Rh5 Rd2 48. Rg7+ Kh8 49. Rg2 Rf1+ 50. Rg1 Rff2 51. Ra1 Kh7 52. Rh3
Rxb2 53. Ra7+ Kg6 54. Ra1 Kf5 55. h7 Rh2+ 56. Rxh2 Rxh2+ 57. Kg1 Rxh7 58. Kf2
Be5 59. Ke2 Ke4 60. Rf1 Bg3 61. Rf8 Rh2+ 62. Kd1 Be5 63. Re8 Kd5 64. b5 Bxc3
65. Re2 Rh1+ 66. Kc2 Bd4 67. b6 Bxb6 68. Kd3 Rh3+ 69. Kd2 Kd4 70. Rg2 Ba5+ 71.
Ke2 Re3+ 72. Kf2 Be1+ 73. Kf1 Kd3 74. Rg7 Bc3 75. Rd7+ Bd4 76. Kg2 Re8 77. Rf7
Ke3 78. Rf3+ Ke2 79. Rg3 Rf8 80. Rg6 Be3 81. Kg3 Rf4 82. Ra6 Rf5 83. Rg6 Rf4
84. Ra6 Rf1 85. Ra2+ Kd3 86. Kg4 Ke4 87. Rg2 Rf5 88. Rg3 Rf8 89. Rg2 Rh8 90.
Kg3 Rf8 91. Kg4 Bf2 92. Kh5 Kf3 93. Rg6 Ke4 94. Rg4+ Kf3 95. Rg6 Be3 96. Re6
Rg8 97. Rf6+ Bf4 98. Rf5 Rg2 99. Rf7 Ke4 100. Re7+ Kf5 101. Rf7+ Ke5 102. Kh4
Rg8 103. Kh5 Bd2 104. Kh4 Ke6 105. Rf3 Bc1 106. Rg3 Rf8 107. Kg4 Ke5 108. Kh4
Bf4 109. Rg7 Kf5 110. Kh3 Be5 111. Rg1 Rh8+ 112. Kg2 Kf4 113. Rf1+ Kg4 114. Kf2
Bf4 115. Rg1+ Kf5 1/2-1/2

[Event "British Championship 2011"]
[Site "Sheffield ENG"]
[Date "2011.08.02"]
[Round "8"]
[White "Short, Nigel D"]
[Black "Adams, Michael"]
[Result "1/2-1/2"]
[WhiteElo "2687"]
[BlackElo "2715"]
[PlyCount "91"]
[EventDate "2011.07.25"]

1. e4 e5 2. Nf3 Nc6 3. Bc4 Bc5 4. O-O d6 5. c3 Nf6 6. Re1 O-O 7. Bb3 h6 8. h3
Re8 9. d3 a6 10. Nbd2 Be6 11. Nc4 Ba7 12. Be3 Ne7 13. Bxa7 Rxa7 14. d4 exd4 15.
Nxd4 Bxc4 16. Bxc4 c5 17. Nf3 b5 18. Bf1 Qb8 19. e5 dxe5 20. Nxe5 Rb7 21. g3
Rb6 22. a4 Ned5 23. f4 Rd6 24. Qf3 c4 25. axb5 axb5 26. Bg2 Rc8 27. Rad1 b4 28.
g4 bxc3 29. bxc3 Ne7 30. g5 Rxd1 31. Qxd1 Nh7 32. gxh6 Qb6+ 33. Kh1 Qxh6 34.
Nxc4 Qh4 35. Nb6 Rf8 36. Nd7 Rc8 37. Qd2 Nf5 38. Re5 g6 39. Rd5 Nf6 40. Nxf6+
Qxf6 41. Rd3 Kg7 42. Kh2 Rc5 43. Be4 Kh7 44. Rd5 Rxd5 45. Bxd5 Qh4 46. Bg2
1/2-1/2

[Event "15th Hogeschool Zeeland"]
[Site "Vlissingen"]
[Date "2011.08.02"]
[Round "5"]
[White "Naiditsch, Arkadij"]
[Black "Burg, Twan"]
[Result "1-0"]
[WhiteElo "2706"]
[BlackElo "2450"]
[PlyCount "41"]
[EventDate "2011.??.??"]

1. c4 g6 2. d4 Nf6 3. Nc3 Bg7 4. e4 d6 5. Nf3 O-O 6. h3 e5 7. d5 a5 8. g4 h5 9.
Ng5 hxg4 10. hxg4 Bxg4 11. Be2 Qd7 12. Be3 Na6 13. Rh4 Bxe2 14. Kxe2 Nh5 15.
Qh1 f5 16. Rxh5 gxh5 17. Qxh5 Rf6 18. Qh7+ Kf8 19. Ne6+ Rxe6 20. dxe6 Qxe6 21.
Rg1 1-0

[Event "British Championship 2011"]
[Site "?"]
[Date "2011.08.03"]
[Round "9"]
[White "Adams, Michael"]
[Black "Palliser, Richard"]
[Result "1-0"]
[WhiteElo "2715"]
[BlackElo "2454"]
[PlyCount "103"]
[EventDate "2011.??.??"]
[SourceDate "2011.08.04"]

1. e4 c5 2. Nf3 d6 3. d4 cxd4 4. Nxd4 Nf6 5. Nc3 a6 6. Be2 e5 7. Nb3 Be7 8. O-O
O-O 9. Re1 Be6 10. Bf3 Qc7 11. a4 Rc8 12. h3 Nbd7 13. Be3 h6 14. Nd2 Qc6 15. a5
b5 16. axb6 Nxb6 17. Ra5 Nc4 18. Nxc4 Bxc4 19. Qa1 Bd8 20. Ra4 a5 21. Rd1 Rab8
22. Qa3 Bb5 23. Rxd6 Bxa4 24. Rxc6 Bxc6 25. Bc5 Bc7 26. Be7 Nd7 27. Bg4 Bb6 28.
Bd6 Rb7 29. Bxe5 Bc5 30. Qa2 Re8 31. Bg3 Ne5 32. Qxa5 Bd4 33. Bxe5 Bxe5 34. Qc5
Rc7 35. Nb5 Bxb5 36. Qxb5 Ree7 37. c3 Rb7 38. Qe2 Rb6 39. Qd2 Bc7 40. Qc2 g6
41. Be2 Rbe6 42. Bd3 Bb6 43. Kf1 Rf6 44. f3 Ra7 45. Bc4 Ra1+ 46. Ke2 Bc7 47.
Kd3 Rb6 48. Bd5 Bf4 49. Qf2 Rba6 50. g3 Bd6 51. f4 R6a5 52. Qb6 1-0

[Event "Navara-Laznicka Match"]
[Site "?"]
[Date "2011.08.03"]
[Round "2"]
[White "Navara, David"]
[Black "Laznicka, Viktor"]
[Result "1/2-1/2"]
[WhiteElo "2722"]
[BlackElo "2681"]
[PlyCount "81"]
[EventDate "2011.??.??"]
[SourceDate "2011.08.04"]

1. d4 d5 2. c4 c6 3. Nf3 Nf6 4. Nc3 a6 5. Bg5 Ne4 6. e3 Nxg5 7. Nxg5 e6 8. Nf3
Nd7 9. Qc2 g6 10. h4 h6 11. O-O-O Bg7 12. Kb1 O-O 13. g4 b5 14. cxb5 cxb5 15.
g5 h5 16. Ne2 Bb7 17. Nf4 Rc8 18. Qd3 Qe7 19. Bh3 Rc4 20. Bxe6 fxe6 21. Nxg6
Qf7 22. Nxf8 Kxf8 23. Nd2 e5 24. g6 Qe6 25. Nxc4 dxc4 26. d5 cxd3 27. dxe6 Nc5
28. Rhg1 Nxe6 29. f3 e4 30. f4 Nc7 31. Rg5 Nd5 32. Re1 Kg8 33. Rxh5 Nxf4 34.
Rg5 Nd5 35. h5 Bh6 36. Re5 d2 37. Rd1 Bxe3 38. Kc2 Nb4+ 39. Kc3 Nd5+ 40. Kc2
Nb4+ 41. Kc3 1/2-1/2

[Event "15th Hogeschool Zeeland"]
[Site "Vlissingen"]
[Date "2011.08.03"]
[Round "6"]
[White "L'Ami, Erwin"]
[Black "Naiditsch, Arkadij"]
[Result "1/2-1/2"]
[WhiteElo "2611"]
[BlackElo "2706"]
[PlyCount "127"]
[EventDate "2011.??.??"]

1. d4 Nf6 2. c4 e6 3. Nc3 c5 4. d5 exd5 5. cxd5 d6 6. e4 g6 7. Bd3 Bg7 8. h3
Nbd7 9. Nf3 a6 10. O-O O-O 11. a4 h6 12. Bf4 Ne8 13. Qd2 g5 14. Bh2 Rb8 15. Nd1
b5 16. axb5 axb5 17. Ne3 c4 18. Bb1 Nc5 19. e5 f5 20. Nd4 f4 21. Nc6 Qc7 22.
Nxb8 Qxb8 23. e6 fxe3 24. Qxe3 Qc7 25. Bg6 Qe7 26. Bxe8 Rxe8 27. Kh1 Bb7 28.
Ra7 Qf8 29. Rxb7 Nxb7 30. Qb6 Qe7 31. f4 gxf4 32. Rxf4 Rf8 33. Qxb5 Rxf4 34.
Bxf4 Nc5 35. Qxc4 Qh4 36. Qe2 Qxf4 37. e7 Qc1+ 38. Kh2 Be5+ 39. Qxe5 dxe5 40.
e8=Q+ Kg7 41. Qxe5+ Kg6 42. d6 Qc4 43. b3 Qb4 44. Qe8+ Kg7 45. Qe5+ Kg6 46. d7
Nxd7 47. Qe8+ Kf6 48. Qxd7 Qb8+ 49. Kh1 Qxb3 50. Qd6+ Kg7 51. Qe5+ Kg6 52. h4
Qd1+ 53. Kh2 h5 54. Qg5+ Kh7 55. Qf5+ Kh6 56. Qf6+ Kh7 57. Qf3 Qd6+ 58. Kh1 Qe5
59. g3 Qe1+ 60. Kh2 Qd2+ 61. Qg2 Qxg2+ 62. Kxg2 Kg6 63. Kf3 Kf5 64. g4+ 1/2-1/2

[Event "British Championship 2011"]
[Site "?"]
[Date "2011.08.04"]
[Round "10"]
[White "Pert, Nicholas"]
[Black "Adams, Michael"]
[Result "1/2-1/2"]
[WhiteElo "2555"]
[BlackElo "2715"]
[PlyCount "78"]
[EventDate "2011.??.??"]
[SourceDate "2011.08.05"]

1. d4 Nf6 2. Nc3 d5 3. Bg5 h6 4. Bxf6 exf6 5. e3 Bb4 6. Bd3 c5 7. dxc5 Bxc3+ 8.
bxc3 O-O 9. Ne2 Be6 10. Rb1 Qc7 11. O-O Nd7 12. Rb4 Nxc5 13. Rh4 Rac8 14. Rd4
Rfd8 15. Qc1 a6 16. Rd1 b5 17. Qa3 Na4 18. Rb1 Qa7 19. h3 Rd7 20. Rb3 Nc5 21.
Rb1 Rdc7 22. Rd1 Na4 23. c4 dxc4 24. Bf5 Re8 25. Bxe6 fxe6 26. e4 Kh7 27. Qg3
Nb2 28. R1d2 c3 29. Nxc3 Nc4 30. Rd1 Nb2 31. R1d2 Nc4 32. Rd1 Ne5 33. Kh2 Rec8
34. Ne2 Re7 35. c3 Qc7 36. Kh1 Nc4 37. Qg4 Ne5 38. Qg3 Nc4 39. Qg4 Ne5 1/2-1/2

[Event "15th Hogeschool Zeeland"]
[Site "?"]
[Date "2011.08.04"]
[Round "7"]
[White "Naiditsch, Arkadij"]
[Black "Haimovich, Tal"]
[Result "1-0"]
[WhiteElo "2706"]
[BlackElo "2419"]
[PlyCount "157"]
[EventDate "2011.??.??"]
[SourceDate "2011.08.05"]

1. e4 e6 2. d4 d5 3. Nc3 Bb4 4. e5 c5 5. a3 Bxc3+ 6. bxc3 Nc6 7. Qg4 g6 8. a4
Qc7 9. Bd2 f6 10. Nf3 fxe5 11. Qg3 Nge7 12. Nxe5 cxd4 13. cxd4 Bd7 14. Nf3 Qxg3
15. hxg3 Nf5 16. c3 O-O-O 17. Ng5 Rde8 18. Rxh7 Rxh7 19. Nxh7 e5 20. Nf6 Re6
21. Nxd5 exd4+ 22. Kd1 dxc3 23. Nxc3 Ne5 24. Rc1 Bc6 25. Bf4 Kd8 26. Kc2 Ke7
27. Rd1 a6 28. Kb3 Kf6 29. Kb4 g5 30. Bc1 Ng4 31. Bc4 Rd6 32. f3 Ne5 33. Rxd6+
Nxd6 34. Be2 Nf5 35. g4 Nd4 36. Bf1 Ne6 37. Bb2 Kg6 38. Nd1 Nd7 39. Bd3+ Kf7
40. Bc4 Nb6 41. Bb3 Nd5+ 42. Bxd5 Bxd5 43. Ne3 Bc6 44. a5 Nf4 45. Kc4 Ke6 46.
Bg7 Kf7 47. Be5 Ne6 48. Nf5 Ke8 49. Bd6 Kf7 50. Kd3 Ng7 51. Nd4 Bd5 52. Ke3 Ne6
53. Nf5 Ng7 54. Kd4 Bb3 55. Ke5 Ne6 56. Bb4 Nf4 57. Bd2 Nxg2 58. Bxg5 Ne1 59.
Nd4 Bd1 60. Kf4 Nd3+ 61. Kf5 Nc5 62. Bd8 Nd7 63. f4 Nf8 64. Kg5 Ne6+ 65. Nxe6
Kxe6 66. f5+ Kf7 67. Kf4 Ke8 68. Bb6 Kf7 69. g5 Bh5 70. Ke5 Kg7 71. Ke6 Be8 72.
Bd4+ Kh7 73. Ke7 Bh5 74. Kf6 Bg4 75. g6+ Kg8 76. Kg5 Be2 77. f6 Bc4 78. Bc5 Bd5
79. Kf4 1-0

[Event "British Championship 2011"]
[Site "Sheffield ENG"]
[Date "2011.08.05"]
[Round "11"]
[White "Adams, Michael"]
[Black "Zhou, Yang-Fan"]
[Result "1/2-1/2"]
[WhiteElo "2715"]
[BlackElo "2444"]
[PlyCount "123"]
[EventDate "2011.??.??"]

1. e4 c5 2. Nf3 e6 3. d4 cxd4 4. Nxd4 Nf6 5. Nc3 Nc6 6. Nxc6 bxc6 7. e5 Nd5 8.
Ne4 Qc7 9. f4 Qb6 10. a3 f5 11. exf6 Nxf6 12. Nxf6+ gxf6 13. Qh5+ Kd8 14. Bd3
Bc5 15. Bd2 f5 16. b4 Be3 17. Qe2 Bxd2+ 18. Qxd2 a5 19. Rd1 axb4 20. axb4 Re8
21. h4 Ra3 22. Kf1 Qd4 23. Rh3 Rg8 24. Rf3 Ba6 25. Qf2 Bxd3+ 26. Rfxd3 Rxd3 27.
Rxd3 Qxf2+ 28. Kxf2 Kc7 29. Ra3 Kb6 30. Ra5 Kb7 31. c4 d5 32. h5 dxc4 33. Rc5
Kb6 34. Rxc4 Rd8 35. g4 fxg4 36. Kg3 Rd1 37. Kxg4 Rg1+ 38. Kh4 h6 39. Re4 Rh1+
40. Kg4 Rg1+ 41. Kf3 Rh1 42. Re5 Rf1+ 43. Kg3 Rg1+ 44. Kf2 Rh1 45. Kg2 Rh4 46.
Kf3 Rh1 47. Rxe6 Rxh5 48. Kg4 Rb5 49. Rxh6 Rxb4 50. Kg5 Rb1 51. f5 Rg1+ 52. Kh5
Kb5 53. f6 c5 54. f7 Rf1 55. Kg6 Kb4 56. Rh5 Rxf7 57. Kxf7 c4 58. Ke6 c3 59.
Rh2 Kb3 60. Kd5 c2 61. Rxc2 Kxc2 62. Ke4 1/2-1/2

[Event "15th Hogeschool Zeeland"]
[Site "?"]
[Date "2011.08.05"]
[Round "8"]
[White "Postny, Evgeny"]
[Black "Naiditsch, Arkadij"]
[Result "1/2-1/2"]
[WhiteElo "2618"]
[BlackElo "2706"]
[PlyCount "24"]
[EventDate "2011.??.??"]
[SourceDate "2011.08.06"]

1. d4 Nf6 2. Nf3 e6 3. c4 d5 4. Nc3 dxc4 5. e3 a6 6. a4 c5 7. Bxc4 Nc6 8. O-O
Be7 9. Qe2 cxd4 10. Rd1 e5 11. exd4 exd4 12. Nxd4 Nxd4 1/2-1/2

[Event "British Championship 2011 (Playoff)"]
[Site "Sheffield ENG"]
[Date "2011.08.06"]
[Round "1"]
[White "Short, Nigel"]
[Black "Adams, Michael"]
[Result "1/2-1/2"]
[WhiteElo "2687"]
[BlackElo "2715"]
[PlyCount "99"]
[EventDate "2011.08.06"]

1. c4 Nf6 2. Nf3 e6 3. d4 b6 4. Bf4 Bb4+ 5. Nbd2 Bb7 6. e3 O-O 7. a3 Be7 8. Be2
c5 9. O-O Nh5 10. Bg3 cxd4 11. Nxd4 Nxg3 12. hxg3 Nc6 13. Bf3 Qc7 14. Nb5 Qb8
15. Rc1 Rd8 16. Qe2 Ne5 17. Bxb7 Qxb7 18. Rfd1 a6 19. Nc3 Rac8 20. f4 Nc6 21.
g4 h6 22. Qf3 Na5 23. Qxb7 Nxb7 24. Kf2 Na5 25. Ne2 Rc7 26. b4 Nb7 27. Nd4 Rdc8
28. Rc2 g6 29. Rdc1 Kg7 30. Ke2 Ra8 31. Rb1 a5 32. Rcb2 axb4 33. axb4 Rcc8 34.
Kd3 Ra3+ 35. Ke2 Bf6 36. Rb3 Ra2 37. R1b2 Ra4 38. Kd3 Be7 39. Ne4 Nd6 40. Nxd6
Bxd6 41. Nb5 Be7 42. Nc3 Ra7 43. Nb5 Ra1 44. Rb1 Ra2 45. R3b2 Ra6 46. Rb3 Ra2
47. R1b2 Ra1 48. Rb1 Ra2 49. R1b2 Ra1 50. Rb1 1/2-1/2

[Event "15th Hogeschool Zeeland"]
[Site "?"]
[Date "2011.08.06"]
[Round "9"]
[White "Naiditsch, Arkadij"]
[Black "Smeets, Jan"]
[Result "1-0"]
[WhiteElo "2706"]
[BlackElo "2628"]
[PlyCount "91"]
[EventDate "2011.??.??"]
[SourceDate "2011.08.06"]

1. c4 e5 2. Nc3 Nf6 3. Nf3 Nc6 4. g3 d5 5. cxd5 Nxd5 6. Bg2 Nb6 7. Rb1 f6 8.
O-O Be7 9. b4 Nxb4 10. d4 exd4 11. Nxd4 c6 12. e4 Na6 13. a4 Nc5 14. Re1 Nc4
15. Bf4 Ne5 16. Be3 O-O 17. f4 Ng4 18. Bc1 Ne6 19. Nce2 Rf7 20. Rb3 Bc5 21. Bb2
Rd7 22. Rd3 Ne5 23. fxe5 fxe5 24. Qb3 Rf7 25. Rf1 Qe7 26. Rxf7 Qxf7 27. Rf3 Qe7
28. Ba3 Bxa3 29. Nxe6 Bxe6 30. Qxa3 Qxa3 31. Rxa3 b5 32. axb5 cxb5 33. Ra5 b4
34. Rxe5 b3 35. Rxe6 b2 36. Nc3 Rc8 37. Nb1 Rc1+ 38. Kf2 Rxb1 39. Re8+ Kf7 40.
Rb8 Ke6 41. Bf1 Ke5 42. Bd3 Rh1 43. Bf1 Rxh2+ 44. Bg2 Rh6 45. Rxb2 Rb6 46. Ra2
1-0

[Event "Baku Open 2011"]
[Site "Baku AZE"]
[Date "2011.08.06"]
[Round "1"]
[White "Mamedyarov, Shakhriyar"]
[Black "Abdulov, Orkhan Javanshir ogl"]
[Result "1/2-1/2"]
[WhiteElo "2765"]
[BlackElo "2377"]
[PlyCount "54"]
[EventDate "2011.??.??"]

1. c4 Nf6 2. d4 c5 3. d5 b5 4. cxb5 a6 5. bxa6 Bxa6 6. Nc3 d6 7. e4 Bxf1 8.
Kxf1 g6 9. g4 Bg7 10. Kg2 Na6 11. g5 Nd7 12. Nf3 Nb6 13. Bf4 Nc7 14. h4 O-O 15.
h5 Qd7 16. Rh4 Na4 17. e5 Nxb2 18. Qd2 Na4 19. Ne4 dxe5 20. Bxe5 Qxd5 21. Bxg7
Qxd2 22. Nfxd2 Kxg7 23. Rah1 gxh5 24. Rxh5 Rh8 25. Ng3 Nd5 26. Rh6 Nac3 27.
Nf5+ Kg8 1/2-1/2

[Event "Baku Open 2011"]
[Site "Baku AZE"]
[Date "2011.08.06"]
[Round "1"]
[White "Morchiashvili, Bachana"]
[Black "Vallejo Pons, Francisco"]
[Result "0-1"]
[WhiteElo "2376"]
[BlackElo "2724"]
[PlyCount "71"]
[EventDate "2011.??.??"]

1. d4 Nf6 2. c4 e6 3. Nf3 b6 4. g3 Bb7 5. Bg2 c5 6. O-O cxd4 7. Qxd4 Nc6 8. Qf4
Rc8 9. Nc3 Na5 10. b3 d5 11. Rd1 Bd6 12. Qh4 Nxc4 13. bxc4 Rxc4 14. Qg5 Rxc3
15. Bb2 h6 16. Qxg7 Rh7 17. Qxh7 Nxh7 18. Bxc3 Nf6 19. Bb2 Bc5 20. Ne5 Nd7 21.
e3 Ba6 22. Nxd7 Qxd7 23. Bf1 Bxf1 24. Rxf1 Qa4 25. Rfd1 h5 26. h4 Ke7 27. Rd2
Qe4 28. Rad1 f6 29. Rd3 Kf7 30. Bd4 Bd6 31. R3d2 Qf3 32. Ba1 Kg6 33. Rb1 Kf5
34. Rb3 Bc5 35. Bd4 e5 36. Rbd3 0-1

[Event "Baku Open 2011"]
[Site "Baku AZE"]
[Date "2011.08.06"]
[Round "1"]
[White "Dominguez Perez, Leinier"]
[Black "Agaragimov, Djakhangir"]
[Result "1-0"]
[WhiteElo "2719"]
[BlackElo "2352"]
[PlyCount "91"]
[EventDate "2011.??.??"]

1. c4 e5 2. g3 Nc6 3. Nc3 g6 4. Bg2 Bg7 5. e4 d6 6. Nge2 Be6 7. d3 Qd7 8. Nd5
Nce7 9. d4 c6 10. Ne3 Bh3 11. Bxh3 Qxh3 12. d5 Qd7 13. Nc3 h5 14. dxc6 bxc6 15.
c5 Rd8 16. Nc4 dxc5 17. Be3 Nc8 18. Qxd7+ Rxd7 19. Na4 f5 20. Nxc5 Re7 21. Bg5
Nf6 22. exf5 gxf5 23. Ne3 Rf7 24. O-O-O Nd5 25. Nxd5 cxd5 26. Ne6 Nb6 27. Nxg7+
Rxg7 28. Bf6 Rc7+ 29. Kb1 Rh6 30. Bxe5 Re7 31. Bd4 Re2 32. Rhe1 Rhe6 33. Rxe2
Rxe2 34. b3 Ke7 35. a4 Nc8 36. Be3 Ke6 37. Rc1 Nd6 38. Bxa7 Ne4 39. Rc6+ Kd7
40. Rc2 Re1+ 41. Kb2 Rd1 42. a5 d4 43. a6 d3 44. Rc1 Rd2+ 45. Ka3 Nd6 46. Be3
1-0

[Event "Baku Open 2011"]
[Site "Baku AZE"]
[Date "2011.08.06"]
[Round "1"]
[White "Rzayev, Bahruz Iqbal oglu"]
[Black "Dreev, Aleksey"]
[Result "0-1"]
[WhiteElo "2335"]
[BlackElo "2711"]
[PlyCount "64"]
[EventDate "2011.??.??"]

1. e4 c6 2. Nc3 d5 3. Nf3 Bg4 4. h3 Bxf3 5. Qxf3 e6 6. g3 Nf6 7. Bg2 Bc5 8. O-O
O-O 9. d3 Nbd7 10. Qe2 Bd4 11. Nd1 Qc7 12. Be3 Bxe3 13. Nxe3 a5 14. f4 dxe4 15.
dxe4 e5 16. f5 Rfd8 17. Kh2 Nc5 18. Ng4 Nxg4+ 19. Qxg4 Rd2 20. Rac1 Rad8 21.
Qf3 Qd6 22. Kh1 Qd4 23. b3 Qb2 24. Qe3 Rxc2 25. Rxc2 Qxc2 26. f6 Rd2 27. Bf3
Qd3 28. Qe1 gxf6 29. Rf2 Rxf2 30. Qxf2 Nxe4 31. Bxe4 Qxe4+ 32. Kh2 Kg7 0-1

[Event "Baku Open 2011"]
[Site "Baku AZE"]
[Date "2011.08.07"]
[Round "2"]
[White "Quparadze, Giga"]
[Black "Sutovsky, Emil"]
[Result "0-1"]
[WhiteElo "2467"]
[BlackElo "2700"]
[PlyCount "74"]
[EventDate "2011.??.??"]

1. e4 c5 2. Nf3 d6 3. d4 cxd4 4. Nxd4 Nf6 5. Nc3 a6 6. Be2 e5 7. Nb3 Be7 8. O-O
O-O 9. Kh1 Nc6 10. f4 b5 11. Bf3 Na5 12. Nxa5 Qxa5 13. fxe5 dxe5 14. Bg5 Rd8
15. Qe1 Bb7 16. Qg3 b4 17. Nd1 Qc7 18. Nf2 Ne8 19. Bxe7 Qxe7 20. Be2 Nf6 21.
Bd3 Nh5 22. Qf3 Nf4 23. Bc4 Rd2 24. Bb3 Kh8 25. Rad1 Rxd1 26. Rxd1 f5 27. Bd5
Nxd5 28. exd5 Qf7 29. c4 bxc3 30. bxc3 Rc8 31. Qe2 Bxd5 32. Qxe5 Re8 33. Qd6
Qb7 34. Kg1 Bxg2 35. Qe6 Bc6 36. Qxf5 Qe7 37. Qf4 Qe1+ 0-1

[Event "Baku Open 2011"]
[Site "Baku AZE"]
[Date "2011.08.07"]
[Round "2"]
[White "Vallejo Pons, Francisco"]
[Black "Sanikidze, Tornike"]
[Result "1-0"]
[WhiteElo "2724"]
[BlackElo "2525"]
[PlyCount "49"]
[EventDate "2011.??.??"]

1. e4 e5 2. Nf3 Nc6 3. Bc4 Nf6 4. Ng5 d5 5. exd5 Na5 6. Bb5+ c6 7. dxc6 bxc6 8.
Bd3 Nd5 9. h4 Be7 10. Qf3 Bxg5 11. hxg5 Qxg5 12. Rh5 Qe7 13. Qg3 f5 14. Bxf5
Nf4 15. Rxh7 Rxh7 16. Bg6+ Kd8 17. Bxh7 Be6 18. Bd3 Kd7 19. Bf1 Rh8 20. d3 Rh1
21. Nc3 g5 22. Bd2 Nb7 23. O-O-O Bxa2 24. Nxa2 Rxf1 25. Qg4+ 1-0

[Event "Baku Open 2011"]
[Site "Baku AZE"]
[Date "2011.08.07"]
[Round "2"]
[White "Guliev, Sarhan"]
[Black "Dominguez Perez, Leinier"]
[Result "1/2-1/2"]
[WhiteElo "2500"]
[BlackElo "2719"]
[PlyCount "187"]
[EventDate "2011.??.??"]

1. d4 Nf6 2. c4 g6 3. Nf3 Bg7 4. g3 d5 5. cxd5 Nxd5 6. Bg2 Nb6 7. O-O Nc6 8.
Nc3 O-O 9. e3 Re8 10. d5 Na5 11. Nd4 Bd7 12. b3 Rc8 13. Bb2 c6 14. e4 cxd5 15.
exd5 Nbc4 16. bxc4 Qb6 17. Ncb5 a6 18. Rb1 Nxc4 19. Bc3 axb5 20. Nxb5 Bxb5 21.
Bxg7 Ne3 22. fxe3 Qxe3+ 23. Rf2 Kxg7 24. Qd2 Qxd2 25. Rxd2 Ba6 26. d6 exd6 27.
Rb6 Rc1+ 28. Kf2 Re6 29. Bxb7 Rf6+ 30. Ke3 Bxb7 31. Rxb7 Rc3+ 32. Kd4 Ra3 33.
Kc4 Rf5 34. Rd7 Rfa5 35. Rf2 Rf5 36. Rd2 h5 37. Kb4 Ra8 38. a4 Rb8+ 39. Kc4
Rc5+ 40. Kd4 Ra5 41. Rxd6 Rxa4+ 42. Ke3 Rb1 43. Rd1 Rb5 44. R6d5 Rb2 45. R1d2
Ra3+ 46. Kf2 Rbb3 47. Rd7 h4 48. gxh4 Rh3 49. Kf1 Rhf3+ 50. Kg2 Rf4 51. R7d4
Ra4 52. Rxf4 Rxf4 53. Kg3 Ra4 54. Rd5 Kh6 55. Rd8 Ra3+ 56. Kg2 Kh5 57. Rd4 f5
58. Rc4 Re3 59. Rd4 Kh6 60. Ra4 Kg7 61. Kf2 Rb3 62. Kg2 Kh6 63. Rc4 Kh5 64. Rd4
Rb2+ 65. Kg3 Rb1 66. Kg2 Re1 67. Rc4 Re6 68. Rd4 Kh6 69. Ra4 Kg7 70. Kf3 Kf6
71. Kf4 Re1 72. Kf3 Rf1+ 73. Kg2 Rd1 74. Ra6+ Kg7 75. Ra7+ Kh6 76. Ra4 Rd3 77.
Rc4 Rd6 78. Rf4 Rd5 79. Ra4 Rd3 80. Rb4 Re3 81. Kf2 Re6 82. Rf4 Re5 83. Ra4 Kg7
84. Kf3 Kf6 85. Ra6+ Kg7 86. h5 gxh5 87. Kf4 Re2 88. h4 Re4+ 89. Kg5 Rg4+ 90.
Kxf5 Rxh4 91. Ra7+ Kf8 92. Kf6 Rf4+ 93. Kg5 Rf7 94. Kxh5 1/2-1/2

[Event "Baku Open 2011"]
[Site "Baku AZE"]
[Date "2011.08.07"]
[Round "2"]
[White "Dreev, Aleksey"]
[Black "Abasov, Nijat Azad Oglu"]
[Result "1-0"]
[WhiteElo "2711"]
[BlackElo "2481"]
[PlyCount "69"]
[EventDate "2011.??.??"]

1. d4 Nf6 2. c4 e6 3. Nc3 Bb4 4. Qc2 d5 5. cxd5 Qxd5 6. Nf3 Qf5 7. Qb3 Nc6 8.
Bd2 O-O 9. e3 a5 10. a3 Bd6 11. Nb5 e5 12. dxe5 Nxe5 13. Nxd6 cxd6 14. Nd4 Qg6
15. f3 d5 16. Rc1 Nc4 17. Qc2 Nxd2 18. Qxd2 Re8 19. Kf2 Bd7 20. Bd3 Qh6 21. Rc7
b6 22. Bf5 Rad8 23. h4 Bxf5 24. Nxf5 Qh5 25. g4 Qg6 26. e4 h6 27. h5 Qh7 28.
exd5 Re5 29. Qf4 Rxf5 30. gxf5 Kh8 31. d6 Nd5 32. Qe5 Nxc7 33. dxc7 Rc8 34. Rd1
Qg8 35. Qe7 1-0

[Event "Baku Open 2011"]
[Site "Baku AZE"]
[Date "2011.08.08"]
[Round "3"]
[White "Dominguez Perez, Leinier"]
[Black "Dovliatov, Sanan"]
[Result "1-0"]
[WhiteElo "2719"]
[BlackElo "2411"]
[PlyCount "93"]
[EventDate "2011.??.??"]

1. e4 e5 2. Nf3 Nc6 3. Bb5 Nf6 4. O-O Nxe4 5. d4 Nd6 6. Bxc6 dxc6 7. dxe5 Nf5
8. Qxd8+ Kxd8 9. Rd1+ Ke8 10. Nc3 h6 11. h3 a5 12. Bf4 Be6 13. g4 Ne7 14. Nd4
Nd5 15. Nce2 Bc5 16. Bg3 a4 17. c4 Nb6 18. b3 Rd8 19. f4 g6 20. Kg2 Bc8 21. Bh4
Be7 22. Bxe7 Kxe7 23. Nc3 h5 24. Kg3 hxg4 25. hxg4 Rh7 26. Ne4 Rdh8 27. Nf2 Nd7
28. Rh1 Nc5 29. Rxh7 Rxh7 30. f5 gxf5 31. gxf5 Rh5 32. Kf4 Rh2 33. Ke3 Nd7 34.
Nd3 a3 35. Nf3 Rh5 36. f6+ Ke8 37. Rg1 Rh8 38. Rg2 Nf8 39. Nf4 Ne6 40. Nxe6
Bxe6 41. Ng5 Bf5 42. Kf4 Bd7 43. Nf3 c5 44. Rg7 b5 45. Ng5 bxc4 46. bxc4 Rf8
47. e6 1-0